[Event "Titled Tuesday intern op 18th Apr Late"]
[Site "Chess.com INT"]
[Date "2023.04.18"]
[Round "2"]
[White "Prohaszka, Peter"]
[Black "Cigan, Jason"]
[Result "1-0"]
[WhiteElo "2584"]
[BlackElo "1998"]
[PlyCount "51"]
[EventDate "2023.04.18"]
[EventType "swiss (blitz)"]
[EventRounds "11"]
[EventCountry "USA"]
[SourceTitle "EXT 2024"]
[Source "ChessBase"]
[SourceDate "2023.10.10"]
[SourceVersion "1"]
[SourceVersionDate "2023.10.10"]
[SourceQuality "1"]

1. d4 Nf6 2. c3 g6 3. Bg5 Bg7 4. Nd2 d6 5. Ngf3 0-0 6. e4 c5 7. d5 h6 8. Bf4 e6 9. dxe6 fxe6 10. e5 Nh5 11. Be3 Nc6 12. exd6 Qxd6 13. Ne4 Qxd1+ 14. Rxd1 b6 15. Bb5 Ne5 16. Nxe5 Bxe5 17. Bxh6 Bg7 18. Bxg7 Kxg7 19. 0-0 Nf4 20. Rfe1 Rb8 21. Nd6 Bb7 22. Nxb7 Rxb7 23. Bf1 Rbf7 24. Rd2 Rf5 25. g3 Nd5 26. Rxe6 1-0

[Event "Titled Tuesday intern op 11th Apr Late"]
[Site "Chess.com INT"]
[Date "2023.04.11"]
[Round "7"]
[White "Winkels, Marcel"]
[Black "Cigan, Jason"]
[Result "1-0"]
[WhiteElo "1962"]
[BlackElo "1998"]
[PlyCount "49"]
[EventDate "2023.04.11"]
[EventType "swiss (blitz)"]
[EventRounds "11"]
[EventCountry "USA"]
[SourceTitle "CBM 213 Extra"]
[Source "ChessBase"]
[SourceDate "2023.05.31"]
[SourceVersion "1"]
[SourceVersionDate "2023.05.31"]
[SourceQuality "1"]

1. d4 Nf6 2. Nc3 d5 3. Bf4 e6 4. Nb5 Bb4+ 5. c3 Ba5 6. a4 a6 7. b4 axb5 8. axb5 Ne4 9. bxa5 Nxc3 10. Qb3 Ne4 11. e3 0-0 12. Nf3 c5 13. Bxb8 Rxb8 14. dxc5 Nxc5 15. Qa3 Ne4 16. Bd3 Bd7 17. 0-0 Qf6 18. a6 Ra8 19. Rfc1 bxa6 20. bxa6 Rfc8 21. Bxe4 dxe4 22. Nd4 h6 23. Rxc8+ Bxc8 24. a7 Qe7 25. Qxe7 1-0

[Event "Titled Tuesday intern op 2nd Febr"]
[Site "Chess.com INT"]
[Date "2019.02.05"]
[Round "1"]
[White "Cigan, Jason"]
[Black "Pena Gomez, Manuel"]
[Result "1-0"]
[WhiteElo "2007"]
[BlackElo "2494"]
[PlyCount "179"]
[EventDate "2019.02.05"]
[EventType "swiss (blitz)"]
[EventRounds "10"]
[EventCountry "USA"]
[SourceTitle "EXT 2021"]
[Source "ChessBase"]
[SourceDate "2020.10.23"]
[SourceVersion "1"]
[SourceVersionDate "2020.10.23"]
[SourceQuality "1"]

1. e4 c5 2. Nf3 d6 3. d4 cxd4 4. Nxd4 Nf6 5. Nc3 a6 6. Be2 e6 7. 0-0 Be7 8. Be3 0-0 9. f4 Nc6 10. a4 Re8 11. Kh1 Qc7 12. Bf3 Nxd4 13. Qxd4 e5 14. Qd3 b6 15. f5 Bb7 16. Rad1 Bc6 17. Qc4 Qb7 18. Bg5 Red8 19. Bxf6 Bxf6 20. Nd5 Bxd5 21. Qxd5 Qxd5 22. Rxd5 Rac8 23. c3 Rc4 24. Ra1 g6 25. g4 Kf8 26. Kg2 Ke7 27. Kg3 Bg5 28. h4 Bf4+ 29. Kg2 h5 30. fxg6 fxg6 31. gxh5 gxh5 32. Kf2 Rg8 33. Rad1 Bg3+ 34. Ke2 Rc6 35. Bxh5 Bxh4 36. Bf3 Rg3 37. R5d3 Rh3 38. Bg2 Rh2 39. Kf3 Bg5 40. Rh1 Rxh1 41. Bxh1 Bf4 42. Bg2 Rc5 43. Bf1 Ra5 44. b3 Rc5 45. c4 a5 46. Rd5 Rc8 47. Rb5 Rb8 48. Ke2 Kd7 49. Kd3 Kc6 50. Be2 Rg8 51. Rd5 Rg3+ 52. Kc2 Re3 53. Bd3 Re1 54. Kc3 Rc1+ 55. Bc2 Re1 56. Rd3 Rh1 57. Rf3 Re1 58. Rd3 Re2 59. Rf3 Kc5 60. Rd3 Rf2 61. Rh3 Bd2+ 62. Kb2 Bf4 63. Rd3 Bd2 64. Rd5+ Kc6 65. Rd3 Bb4 66. Rh3 Bc5 67. Rd3 Bd4+ 68. Kb1 Rf1+ 69. Rd1 Rf2 70. Rd3 Re2 71. Rd1 Kc5 72. Bd3 Kb4 73. Bxe2 Kxb3 74. Rd3+ Kxc4 75. Kc2 Kb4 76. Rb3+ Kxa4 77. Rxb6 Ka3 78. Rxd6 a4 79. Rd5 Kb4 80. Rb5+ Ka3 81. Kd3 Ka2 82. Kc4 a3 83. Bd1 Bb2 84. Ra5 Kb1 85. Kb3 Kc1 86. Bc2 Kd2 87. Bb1 Kc1 88. Ba2 Kd2 89. Rxa3 Bxa3 90. Kxa3 1-0

[Event "Titled Tuesday intern op 2nd Febr"]
[Site "Chess.com INT"]
[Date "2019.02.05"]
[Round "7"]
[White "Cigan, Jason"]
[Black "Zufic, Miroslav"]
[Result "0-1"]
[WhiteElo "2007"]
[BlackElo "2388"]
[PlyCount "52"]
[EventDate "2019.02.05"]
[EventType "swiss (blitz)"]
[EventRounds "10"]
[EventCountry "USA"]
[SourceTitle "EXT 2021"]
[Source "ChessBase"]
[SourceDate "2020.10.23"]
[SourceVersion "1"]
[SourceVersionDate "2020.10.23"]
[SourceQuality "1"]

1. e4 c5 2. Nf3 d6 3. d4 cxd4 4. Nxd4 Nf6 5. Nc3 a6 6. Be2 e5 7. Nb3 Be7 8. Be3 Be6 9. Qd3 Nbd7 10. Nd5 Rc8 11. c4 Bxd5 12. exd5 a5 13. 0-0 0-0 14. f3 b6 15. Rac1 Nc5 16. Nxc5 bxc5 17. Qc2 Nh5 18. Qf5 g6 19. Qh3 Bg5 20. Bxg5 Qxg5 21. Rc2 Qe3+ 22. Kh1 Nf4 23. Qh6 Nxg2 24. Qh3 Nf4 25. Qh6 Nxd5 26. Qh3 Nb4 0-1

[Event "Titled Tuesday intern op 2nd Febr"]
[Site "Chess.com INT"]
[Date "2019.02.05"]
[Round "8"]
[White "Mazi, Leon"]
[Black "Cigan, Jason"]
[Result "1/2-1/2"]
[WhiteElo "2330"]
[BlackElo "2007"]
[PlyCount "177"]
[EventDate "2019.02.05"]
[EventType "swiss (blitz)"]
[EventRounds "10"]
[EventCountry "USA"]
[SourceTitle "EXT 2021"]
[Source "ChessBase"]
[SourceDate "2020.10.23"]
[SourceVersion "1"]
[SourceVersionDate "2020.10.23"]
[SourceQuality "1"]

1. e4 c5 2. Nf3 d6 3. d4 cxd4 4. Qxd4 Nf6 5. h3 Nc6 6. Qe3 g6 7. Be2 Bg7 8. 0-0 0-0 9. Rd1 Nd7 10. Nc3 Nc5 11. Nd5 Be6 12. c4 Rc8 13. Rb1 f5 14. exf5 Bxf5 15. Ra1 e6 16. Nc3 e5 17. b3 Nd4 18. Ne1 Bd7 19. Bb2 Nce6 20. Bg4 Nf4 21. Bxd7 Qxd7 22. Rd2 Qf5 23. Ne4 Rcd8 24. Rad1 Bh6 25. Ng3 Nxh3+ 26. gxh3 Bxe3 27. Nxf5 Bxd2 28. Nxd4 Bxe1 29. Ne6 Bxf2+ 30. Kg2 Bb6 31. Nxf8 Rxf8 32. Rd2 Rf6 33. Ba3 Bc5 34. Bxc5 dxc5 35. Rd5 b6 36. Rxe5 Kf7 37. Rd5 Re6 38. Rd7+ Re7 39. Rd2 Kf6 40. Kf3 h5 41. Rd5 Re6 42. h4 Rc6 43. Kf4 Re6 44. Rd8 a5 45. Rd7 Rc6 46. Rd5 Re6 47. Rd7 Rc6 48. Rd5 Re6 49. Rd7 Re1 50. Rd6+ Re6 51. Rd7 Re2 52. Rd6+ Kf7 53. Rxb6 Rxa2 54. Rb5 Rh2 55. Kg3 Rb2 56. Rxa5 Rxb3+ 57. Kg2 Rd3 58. Rxc5 Rd4 59. Kg3 Kf6 60. Rd5 Rxd5 61. cxd5 Ke5 62. Kf3 Kxd5 63. Kf4 Ke6 64. Kg5 Kf7 65. Kf4 Kf6 66. Ke4 Kg7 67. Ke5 Kf7 68. Ke4 Ke6 69. Kf4 Kf6 70. Ke4 g5 71. hxg5+ Kxg5 72. Kf3 Kh4 73. Kg2 Kg4 74. Kh2 h4 75. Kg2 h3+ 76. Kh2 Kh4 77. Kh1 Kg3 78. Kg1 Kf3 79. Kh2 Kg4 80. Kh1 Kg5 81. Kh2 Kh4 82. Kh1 Kh5 83. Kh2 Kg4 84. Kh1 Kg3 85. Kg1 Kf3 86. Kh1 Kf2 87. Kh2 Kf1 88. Kg3 Kg1 89. Kxh3 1/2-1/2

[Event "Oregon-ch"]
[Site "Portland"]
[Date "2018.09.23"]
[Round "9"]
[White "Janniro, Mike E"]
[Black "Cigan, Jason"]
[Result "1-0"]
[WhiteElo "2040"]
[BlackElo "2220"]
[PlyCount "78"]
[EventDate "2018.09.14"]
[EventType "tourn"]
[EventRounds "9"]
[EventCountry "USA"]
[SourceTitle "EXT 2024"]
[Source "ChessBase"]
[SourceDate "2023.10.10"]
[SourceVersion "1"]
[SourceVersionDate "2023.10.10"]
[SourceQuality "1"]

1. c4 Nf6 2. Nc3 g6 3. d4 d5 4. cxd5 Nxd5 5. e4 Nxc3 6. bxc3 Bg7 7. Be3 c5 8. Nf3 Qa5 9. Qd2 0-0 10. Be2 Nc6 11. 0-0 cxd4 12. Nxd4 Rd8 13. Qb2 Bd7 14. Rac1 Qc7 15. f4 e6 16. Nb5 Qa5 17. Nd6 Rab8 18. Rfd1 b5 19. e5 Ne7 20. Bf3 Bc6 21. Bxc6 Nxc6 22. Qf2 Qa4 23. Qf3 Ne7 24. Qf2 Rd7 25. Bc5 Nd5 26. Rd4 Qa6 27. c4 bxc4 28. Rdxc4 Bf8 29. g4 f6 30. f5 gxf5 31. gxf5 Rg7+ 32. Kh1 fxe5 33. f6 Rg6 34. f7+ Kh8 35. Ne8 Ne7 36. h3 Rd8 37. Kh2 Qb7 38. Rg4 Rxg4 39. hxg4 Rxe8 1-0

[Event "Oregon-ch"]
[Site "Portland"]
[Date "2018.09.16"]
[Round "4"]
[White "Zavortink, Matt B"]
[Black "Cigan, Jason"]
[Result "1-0"]
[WhiteElo "2254"]
[BlackElo "2220"]
[PlyCount "87"]
[EventDate "2018.09.14"]
[EventType "tourn"]
[EventRounds "9"]
[EventCountry "USA"]
[SourceTitle "EXT 2024"]
[Source "ChessBase"]
[SourceDate "2023.10.10"]
[SourceVersion "1"]
[SourceVersionDate "2023.10.10"]
[SourceQuality "1"]

1. Nf3 c5 2. c4 Nf6 3. Nc3 d5 4. cxd5 Nxd5 5. e4 Nb4 6. Bb5+ N8c6 7. d4 cxd4 8. a3 dxc3 9. Qxd8+ Kxd8 10. axb4 cxb2 11. Bxb2 e6 12. 0-0 Bd7 13. Rfd1 Ke8 14. Ra3 f6 15. Rad3 Rd8 16. Bxc6 bxc6 17. e5 f5 18. Bd4 Bc8 19. Bc5 Rxd3 20. Rxd3 Bxc5 21. bxc5 Ke7 22. Ra3 a6 23. Nd4 Bb7 24. Rb3 Ba8 25. f4 Rd8 26. Nf3 Rd7 27. Kf2 Bb7 28. Ke3 Bc8 29. Nd4 Rc7 30. Rb6 Kd7 31. Nb3 Bb7 32. Na5 Ba8 33. Rxa6 Bb7 34. Ra7 Kc8 35. Nc4 Kb8 36. Ra3 Rd7 37. Nd6 h6 38. Kd4 g6 39. Rh3 Rh7 40. Ra3 g5 41. g4 fxg4 42. f5 exf5 43. e6 f4 44. Rb3 1-0

[Event "Oregon-ch"]
[Site "Portland"]
[Date "2018.09.15"]
[Round "3"]
[White "Cigan, Jason"]
[Black "Peng, Shunkai"]
[Result "1/2-1/2"]
[WhiteElo "2220"]
[BlackElo "2352"]
[PlyCount "76"]
[EventDate "2018.09.14"]
[EventType "tourn"]
[EventRounds "9"]
[EventCountry "USA"]
[SourceTitle "EXT 2024"]
[Source "ChessBase"]
[SourceDate "2023.10.10"]
[SourceVersion "1"]
[SourceVersionDate "2023.10.10"]
[SourceQuality "1"]

1. e4 c5 2. Nf3 d6 3. d4 cxd4 4. Nxd4 Nf6 5. Nc3 a6 6. f3 e5 7. Nb3 Be6 8. Be3 h5 9. Nd5 Nxd5 10. exd5 Bf5 11. Bd3 Bxd3 12. Qxd3 Be7 13. 0-0-0 Bg5 14. Kb1 Bxe3 15. Qxe3 0-0 16. g4 hxg4 17. fxg4 Nd7 18. g5 Rc8 19. h4 Rc4 20. Nd2 Rf4 21. Ne4 Qc7 22. h5 Rc8 23. c3 Nc5 24. Nxc5 Qxc5 25. Qh3 Qc4 26. Ka1 Rd8 27. g6 Qc8 28. gxf7+ Kxf7 29. Qe3 Rh8 30. Rdg1 Rh6 31. Qg3 Qf8 32. Qg5 Rff6 33. a3 Kg8 34. Ka2 Kh8 35. Rh2 Rf5 36. Qg4 Rf4 37. Qg5 Rf5 38. Qg4 Rf4 1/2-1/2

[Event "Oregon-ch"]
[Site "Portland"]
[Date "2017.02.11"]
[Round "1"]
[White "Cigan, Jason"]
[Black "Bjorksten, Lennart"]
[Result "1/2-1/2"]
[WhiteElo "2100"]
[BlackElo "2089"]
[PlyCount "148"]
[EventDate "2017.02.11"]
[EventType "tourn"]
[EventRounds "9"]
[EventCountry "USA"]
[SourceTitle "EXT 2024"]
[Source "ChessBase"]
[SourceDate "2023.10.10"]
[SourceVersion "1"]
[SourceVersionDate "2023.10.10"]
[SourceQuality "1"]

1. e4 c6 2. d4 d5 3. e5 c5 4. dxc5 e6 5. a3 a5 6. Nc3 Bd7 7. Nb5 Bxc5 8. Be3 Bxe3 9. Nd6+ Kf8 10. fxe3 Bc6 11. Qd4 Nd7 12. Bd3 f6 13. Nf3 Nxe5 14. Nxe5 Qxd6 15. 0-0 Nh6 16. Nxc6 bxc6 17. Rxf6+ gxf6 18. Qxf6+ Kg8 19. Qg5+ Kf7 20. Rf1+ Nf5 21. Bxf5 exf5 22. Rxf5+ Ke8 23. Re5+ Qxe5 24. Qxe5+ Kd7 25. Kf2 Rae8 26. Qd4 Kd6 27. c4 Rhf8+ 28. Ke2 Re4 29. c5+ Ke7 30. Qg7+ Rf7 31. Qg5+ Kd7 32. Qg3 Re6 33. Kd2 Rfe7 34. Qf4 Kc8 35. g4 Re4 36. Qf6 Kb7 37. Qc3 Ka6 38. h3 a4 39. g5 Kb5 40. b4 axb3 41. Qxb3+ Kxc5 42. Qc3+ Kb6 43. Qb3+ Kc7 44. a4 d4 45. a5 dxe3+ 46. Ke2 Rd7 47. Qb6+ Kd6 48. a6 Ree7 49. h4 Kd5 50. h5 c5 51. g6 hxg6 52. hxg6 Kd4 53. Qb3 c4 54. Qb4 Rc7 55. Qd6+ Ke4 56. Qb4 Kf5 57. Qb1+ Kf6 58. Qb6+ Kg7 59. Qd4+ Kxg6 60. Qg4+ Kf7 61. Qf3+ Kg7 62. Qg4+ Kf8 63. Qf3+ Kg8 64. Qg4+ Kf7 65. Qf3+ Ke6 66. Qe4+ Kd6 67. Qd4+ Kc6 68. Qxc4+ Kb6 69. Qa4 Ka7 70. Qd4+ Kxa6 71. Qa4+ Kb7 72. Qb5+ Kc8 73. Qa6+ Kd7 74. Qd3+ Kc8 1/2-1/2

[Event "PRO League Pacific"]
[Site "Chess.com INT"]
[Date "2017.01.11"]
[Round "1"]
[White "Bartholomew, John"]
[Black "Cigan, Jason"]
[Result "1/2-1/2"]
[WhiteElo "2447"]
[BlackElo "2100"]
[PlyCount "122"]
[EventDate "2017.01.11"]
[EventType "team-swiss (rapid)"]
[EventRounds "7"]
[EventCountry "USA"]
[SourceTitle "CBM 176 Extra"]
[Source "ChessBase"]
[SourceDate "2017.03.02"]
[SourceVersion "1"]
[SourceVersionDate "2017.03.02"]
[SourceQuality "1"]
[WhiteTeam "Minnesota Blizzard"]
[BlackTeam "Portland Rain"]
[WhiteTeamCountry "UAE"]
[BlackTeamCountry "USA"]

1. Nf3 Nf6 2. g3 g6 3. Bg2 Bg7 4. 0-0 0-0 5. d4 d6 6. b3 c5 7. c4 Ne4 8. Bb2 Nc6 9. e3 Qb6 10. dxc5 Nxc5 11. Bxg7 Kxg7 12. Nc3 Bf5 13. Nd4 Bd7 14. Nd5 Qd8 15. f4 f5 16. Qd2 a5 17. Rad1 e5 18. Nb5 e4 19. Nxd6 Be6 20. Qc3+ Kg8 21. Nb5 Bxd5 22. cxd5 Qb6 23. dxc6 Qxb5 24. cxb7 Nxb7 25. Rfe1 Rac8 26. Qa1 Nc5 27. Qe5 Qb4 28. Bf1 Nd3 29. Bxd3 exd3 30. Qd5+ Kg7 31. Qxd3 Rfd8 32. Qe2 Qe4 33. Rxd8 Rxd8 34. Qc4 Qxc4 35. bxc4 Rd2 36. Rc1 Kf7 37. c5 Ke7 38. c6 Kd8 39. a4 Kc7 40. Rc5 Re2 41. Rxa5 Kxc6 42. Re5 Kd6 43. h3 Ra2 44. a5 h5 45. Kh1 Re2 46. a6 Ra2 47. g4 hxg4 48. hxg4 fxg4 49. Rg5 Ke6 50. Rxg6+ Kf5 51. Rg5+ Ke4 52. Rxg4 Kxe3 53. f5 Rxa6 54. Rg6 Ra2 55. Kg1 Ke4 56. f6 Ra3 57. f7 Rf3 58. Rg7 Ke5 59. Kh2 Ke6 60. Kg2 Rxf7 61. Rxf7 Kxf7 1/2-1/2

[Event "PRO League Pacific"]
[Site "Chess.com INT"]
[Date "2017.01.11"]
[Round "1"]
[White "Cigan, Jason"]
[Black "Tang, Andrew"]
[Result "0-1"]
[WhiteElo "2100"]
[BlackElo "2466"]
[PlyCount "82"]
[EventDate "2017.01.11"]
[EventType "team-swiss (rapid)"]
[EventRounds "7"]
[EventCountry "USA"]
[SourceTitle "CBM 176 Extra"]
[Source "ChessBase"]
[SourceDate "2017.03.02"]
[SourceVersion "1"]
[SourceVersionDate "2017.03.02"]
[SourceQuality "1"]
[WhiteTeam "Portland Rain"]
[BlackTeam "Minnesota Blizzard"]
[WhiteTeamCountry "USA"]
[BlackTeamCountry "UAE"]

1. e4 e5 2. Nf3 Nc6 3. Bb5 a6 4. Ba4 Nf6 5. 0-0 Be7 6. Re1 b5 7. Bb3 d6 8. c3 0-0 9. h3 Bb7 10. d4 Re8 11. Nbd2 Bf8 12. a4 h6 13. Bc2 exd4 14. cxd4 Nb4 15. Bb1 c5 16. d5 Nd7 17. Ra3 c4 18. axb5 axb5 19. Nd4 Rxa3 20. bxa3 Nd3 21. Bxd3 cxd3 22. Re3 Nc5 23. Bb2 Qa5 24. Nf5 g6 25. Ng3 Qa4 26. Qf3 Bg7 27. Bxg7 Kxg7 28. Nh5+ gxh5 29. Qxh5 Qd4 30. Rf3 Qa1+ 31. Nf1 Rf8 32. Rg3+ Kh7 33. Qf5+ Kh8 34. Qh5 Qf6 35. Ne3 Nxe4 36. Rf3 Qg5 37. Qxg5 hxg5 38. Nf5 d2 39. Rd3 Rc8 40. Kh2 Rc1 41. Ne3 Rh1+ 0-1

[Event "Oregon-ch"]
[Site "Portland"]
[Date "2015.02.14"]
[Round "6"]
[White "Cigan, Jason"]
[Black "Raptis, Nick"]
[Result "0-1"]
[WhiteElo "2053"]
[BlackElo "2327"]
[PlyCount "68"]
[EventDate "2015.02.07"]
[EventType "tourn"]
[EventRounds "9"]
[EventCountry "USA"]
[SourceTitle "EXT 2017"]
[Source "ChessBase"]
[SourceDate "2016.10.25"]
[SourceVersion "1"]
[SourceVersionDate "2016.10.25"]
[SourceQuality "1"]

1. e4 e6 2. d4 d5 3. Nc3 Nf6 4. e5 Nfd7 5. f4 c5 6. Nf3 Nc6 7. Be3 cxd4 8. Nxd4 Bc5 9. Qd2 a6 10. 0-0-0 Qc7 11. Qf2 Bxd4 12. Bxd4 b5 13. Be3 0-0 14. h4 f6 15. exf6 Nxf6 16. Be2 b4 17. Na4 Ne4 18. Qe1 Qa5 19. b3 Rb8 20. Kb1 Bd7 21. Bf3 Nc3+ 22. Nxc3 bxc3 23. Rd3 Nb4 24. Rxc3 Qxa2+ 25. Kc1 Rfc8 26. Bd4 Rxc3 27. Qxc3 Rc8 28. Bc5 Nxc2 29. Qxc2 Qa1+ 30. Qb1 Rxc5+ 31. Kd2 Qd4+ 32. Ke2 Bb5+ 33. Ke1 Qe3+ 34. Kd1 Rc3 0-1

[Event "Oregon-ch"]
[Site "Portland"]
[Date "2015.02.08"]
[Round "3"]
[White "Bjorksten, Lennart"]
[Black "Cigan, Jason"]
[Result "0-1"]
[WhiteElo "2121"]
[BlackElo "2053"]
[PlyCount "58"]
[EventDate "2015.02.07"]
[EventType "tourn"]
[EventRounds "9"]
[EventCountry "USA"]
[SourceTitle "EXT 2017"]
[Source "ChessBase"]
[SourceDate "2016.10.25"]
[SourceVersion "1"]
[SourceVersionDate "2016.10.25"]
[SourceQuality "1"]

1. d4 Nf6 2. c4 g6 3. Nc3 d5 4. cxd5 Nxd5 5. e4 Nxc3 6. bxc3 Bg7 7. Bg5 c5 8. Rc1 0-0 9. Nf3 Bg4 10. d5 Qd6 11. Be2 Nd7 12. h3 Bxf3 13. Bxf3 f5 14. Be3 b5 15. 0-0 Ne5 16. Be2 f4 17. Bxb5 fxe3 18. f4 Nd7 19. e5 Qc7 20. d6 exd6 21. exd6 Qd8 22. Qd5+ Kh8 23. Rfe1 Nb6 24. Qxc5 Rf5 25. Qxe3 Rxb5 26. c4 Qxd6 27. Rcd1 Nxc4 28. Rxd6 Nxe3 29. Rxe3 Bf8 0-1

[Event "Oregon-ch"]
[Site "Portland"]
[Date "2015.02.08"]
[Round "4"]
[White "Cigan, Jason"]
[Black "Seitzer, Phillip M"]
[Result "0-1"]
[WhiteElo "2053"]
[BlackElo "2069"]
[PlyCount "68"]
[EventDate "2015.02.07"]
[EventType "tourn"]
[EventRounds "9"]
[EventCountry "USA"]
[SourceTitle "EXT 2017"]
[Source "ChessBase"]
[SourceDate "2016.10.25"]
[SourceVersion "1"]
[SourceVersionDate "2016.10.25"]
[SourceQuality "1"]

1. e4 c5 2. Nf3 Nc6 3. Bb5 Nd4 4. Nxd4 cxd4 5. 0-0 e6 6. d3 a6 7. Ba4 b5 8. Bb3 Bb7 9. f4 d5 10. f5 e5 11. exd5 Nf6 12. Re1 Bd6 13. Bf4 0-0 14. Bxe5 Bxe5 15. Rxe5 Qd6 16. Re1 Nxd5 17. Bxd5 Qxd5 18. Qg4 Rac8 19. Re2 h5 20. Qxh5 Rfe8 21. Nd2 Rxe2 22. Qxe2 Rxc2 23. Qe8+ Kh7 24. Ne4 Qxf5 25. Rf1 Qg6 26. g3 f5 27. Qe7 fxe4 28. Qxb7 exd3 29. Rf4 Qe6 30. Rh4+ Kg6 31. Re4 Qh3 32. Qxa6+ Kh7 33. Rh4+ Qxh4 34. gxh4 d2 0-1

[Event "Oregon-ch"]
[Site "Portland"]
[Date "2014.02.23"]
[Round "8"]
[White "Russell, Corey J"]
[Black "Cigan, Jason"]
[Result "1-0"]
[WhiteElo "2129"]
[BlackElo "2084"]
[PlyCount "93"]
[EventDate "2014.02.15"]
[EventType "tourn"]
[EventRounds "9"]
[EventCountry "USA"]
[SourceTitle "EXT 2017"]
[Source "ChessBase"]
[SourceDate "2016.10.25"]
[SourceVersion "1"]
[SourceVersionDate "2016.10.25"]
[SourceQuality "1"]

1. e4 c5 2. Nf3 d6 3. d4 cxd4 4. Nxd4 Nf6 5. Nc3 a6 6. Bg5 Nbd7 7. Bc4 Qb6 8. a3 e6 9. 0-0 Be7 10. Be3 Qc7 11. Bxe6 fxe6 12. Nxe6 Qa5 13. b4 Qe5 14. Nc7+ Kd8 15. Bd4 Kxc7 16. Bxe5 Nxe5 17. f4 Ng6 18. Qd4 Rd8 19. a4 Bd7 20. h3 Rac8 21. g4 Kb8 22. Rf3 Be6 23. Nb5 axb5 24. axb5 Rc4 25. Qa7+ Kc8 26. b6 Nxe4 27. Qa8+ Kd7 28. Qxb7+ Ke8 29. Ra8 Rxb4 30. Re3 Nc5 31. Qc6+ Bd7 32. Rxd8+ Kxd8 33. Qc7+ Ke8 34. Qxd6 Rb1+ 35. Kh2 Nb7 36. Qb8+ Nd8 37. f5 Nh8 38. Qd6 Nc6 39. Qd5 Nf7 40. g5 Rf1 41. g6 hxg6 42. fxg6 Nh6 43. b7 Rb1 44. Rb3 Rxb3 45. cxb3 Bf6 46. Qd6 Be5+ 47. Qxe5+ 1-0

[Event "Oregon-ch"]
[Site "Portland"]
[Date "2014.02.15"]
[Round "2"]
[White "Cigan, Jason"]
[Black "Grabinsky, Aaron"]
[Result "1-0"]
[WhiteElo "2084"]
[BlackElo "1949"]
[PlyCount "73"]
[EventDate "2014.02.15"]
[EventType "tourn"]
[EventRounds "9"]
[EventCountry "USA"]
[SourceTitle "EXT 2017"]
[Source "ChessBase"]
[SourceDate "2016.10.25"]
[SourceVersion "1"]
[SourceVersionDate "2016.10.25"]
[SourceQuality "1"]

1. d4 e6 2. c4 Nf6 3. Nc3 Bb4 4. f3 d5 5. a3 Bxc3+ 6. bxc3 0-0 7. cxd5 exd5 8. e3 Bf5 9. g4 Nxg4 10. fxg4 Qh4+ 11. Kd2 Be4 12. Nf3 Qf2+ 13. Qe2 Qxf3 14. Qxf3 Bxf3 15. Rg1 Nd7 16. Bd3 Be4 17. Bxe4 dxe4 18. c4 c5 19. Bb2 cxd4 20. exd4 Nb6 21. Rac1 Rac8 22. c5 Nd5 23. Rgf1 g6 24. g5 Kg7 25. Rce1 Rce8 26. Rf6 Nxf6 27. d5 Rc8 28. Bxf6+ Kg8 29. Rc1 Rfd8 30. Bxd8 Rxd8 31. d6 b6 32. c6 Rxd6+ 33. Ke3 Rd8 34. c7 Rc8 35. Kxe4 Kf8 36. Kd5 Ke7 37. Kc6 1-0

[Event "Clark Harmon Memorial 7th"]
[Site "Portland"]
[Date "2013.04.14"]
[Round "5"]
[White "Cigan, Jason"]
[Black "Deeth, Steven B"]
[Result "1-0"]
[WhiteElo "2009"]
[BlackElo "2110"]
[PlyCount "57"]
[EventDate "2013.04.13"]
[EventType "swiss"]
[EventRounds "5"]
[EventCountry "USA"]
[SourceTitle "EXT 2017"]
[Source "ChessBase"]
[SourceDate "2016.10.25"]
[SourceVersion "1"]
[SourceVersionDate "2016.10.25"]
[SourceQuality "1"]

1. d4 d5 2. c4 c6 3. Nc3 Nf6 4. e3 e6 5. Nf3 Nbd7 6. Qc2 Bd6 7. Bd3 0-0 8. 0-0 Qe7 9. b3 dxc4 10. bxc4 e5 11. Ng5 g6 12. Bd2 Bc7 13. f4 exd4 14. exd4 Qd6 15. Nf3 a6 16. c5 Qe7 17. Rae1 Qd8 18. f5 Kg7 19. fxg6 fxg6 20. Ng5 Nb8 21. Kh1 a5 22. Nce4 Na6 23. Nxf6 Rxf6 24. Rxf6 Qxf6 25. Rf1 Bf5 26. Bxf5 gxf5 27. Rxf5 Qg6 28. Rf7+ Kg8 29. Qc4 1-0

[Event "Clark Harmon Memorial 7th"]
[Site "Portland"]
[Date "2013.04.14"]
[Round "4"]
[White "Cigan, Jason"]
[Black "Zavortink, Matt B"]
[Result "0-1"]
[WhiteElo "2009"]
[BlackElo "2112"]
[PlyCount "80"]
[EventDate "2013.04.13"]
[EventType "swiss"]
[EventRounds "5"]
[EventCountry "USA"]
[SourceTitle "EXT 2017"]
[Source "ChessBase"]
[SourceDate "2016.10.25"]
[SourceVersion "1"]
[SourceVersionDate "2016.10.25"]
[SourceQuality "1"]

1. e4 Nf6 2. e5 Nd5 3. d4 d6 4. Nf3 dxe5 5. Nxe5 c6 6. Be2 Bf5 7. g4 Be6 8. c4 Nb6 9. c5 Nd5 10. f4 f6 11. Nd3 Nd7 12. f5 Bf7 13. Nf4 Nxf4 14. Bxf4 e5 15. fxe6 Bxe6 16. Nc3 Be7 17. b4 0-0 18. h4 Re8 19. Qd3 b6 20. Kf2 Nf8 21. Bf3 Rc8 22. Rad1 Qd7 23. b5 bxc5 24. bxc6 Qxd4+ 25. Qxd4 cxd4 26. Nb5 Ng6 27. Bd6 Ne5 28. Rhe1 Bc4 29. Bxe5 fxe5 30. a4 a6 31. Na7 Rc7 32. Rc1 Bxh4+ 33. Kg2 Bxe1 34. Rxc4 e4 35. Bd1 Rxa7 36. Rxd4 Rae7 37. Bb3+ Kh8 38. a5 e3 39. Bc4 e2 40. Kf3 Rf8+ 0-1

[Event "Clark Harmon Memorial 7th"]
[Site "Portland"]
[Date "2013.04.13"]
[Round "3"]
[White "Bjorksten, Lennart"]
[Black "Cigan, Jason"]
[Result "0-1"]
[WhiteElo "2110"]
[BlackElo "2009"]
[PlyCount "134"]
[EventDate "2013.04.13"]
[EventType "swiss"]
[EventRounds "5"]
[EventCountry "USA"]
[SourceTitle "EXT 2017"]
[Source "ChessBase"]
[SourceDate "2016.10.25"]
[SourceVersion "1"]
[SourceVersionDate "2016.10.25"]
[SourceQuality "1"]

1. c4 Nf6 2. Nc3 c5 3. g3 e6 4. Bg2 d5 5. cxd5 exd5 6. d3 Be7 7. Qb3 d4 8. Nd5 Nc6 9. Nxe7 Qxe7 10. Bg5 0-0 11. Rc1 Bf5 12. Bxf6 gxf6 13. Bxc6 bxc6 14. Qc2 Rfe8 15. Kf1 Rab8 16. b3 Rb5 17. h4 Qe6 18. h5 h6 19. Kg2 Kh7 20. Qd2 Qd5+ 21. f3 Rb7 22. Nh3 Bxh3+ 23. Rxh3 Rbe7 24. Re1 Qe6 25. e4 dxe3 26. Qc2 Qf5 27. Rh4 Rd8 28. Re4 Rxe4 29. fxe4 Qxh5 30. Rxe3 Rg8 31. Rf3 Qg5 32. Qf2 Rg6 33. Rf5 Qc1 34. Rxc5 Qb1 35. Rxc6 Qxd3 36. Rc4 a6 37. Rd4 Rxg3+ 38. Qxg3 Qxd4 39. Qf3 Qd2+ 40. Qf2 Qg5+ 41. Kh3 Qh5+ 42. Kg2 Qg4+ 43. Kf1 Qxe4 44. Qxf6 Qb1+ 45. Kg2 Qxa2+ 46. Kh1 Qb1+ 47. Kh2 Qc2+ 48. Kh1 Qe4+ 49. Kh2 Qe2+ 50. Kg1 Qe6 51. Qf3 Kg7 52. Kh1 h5 53. Qg3+ Qg6 54. Qc3+ f6 55. Qc7+ Kh6 56. Qc6 Qb1+ 57. Kh2 Qb2+ 58. Kh1 a5 59. Qc5 Qa1+ 60. Kg2 Qa2+ 61. Kh1 Qb1+ 62. Kh2 Qxb3 63. Qxa5 Qb2+ 64. Kh1 Qc1+ 65. Kh2 Qf4+ 66. Kh3 Qg4+ 67. Kh2 Qh4+ 0-1